Co nawadnia najlepiej? - Statystyki

Ogólne statystyki
  • Ten quiz został rozwiązany 43 razy
  • Średni wynik to 5 z 13
Statystyki odpowiedzi
Pozycja Napój % Poprawnych
9 Woda niegazowana
97%
12 Piwo
67%
4 Sok pomarańczowy
64%
13 Kawa
56%
11 Napój izotoniczny
56%
8 Herbata
54%
5 Cola
49%
10 Woda gazowana
49%
7 Herbata mrożona
13%
2 Mleko odtłuszczone
5%
6 Diet Coke
3%
1 Doustny płyn nawadniający (ORS)
3%
3 Mleko tłuste (pełne)
3%
Nie znaleziono quizów pasujących do podanych kryteriów
Rozkład punktacji
Procent ludzi z każdym wynikiem
Percentyl według liczby udzielonych odpowiedzi
Twoja historia wyników
Nie rozwiązałeś tego quizu